000 02068nam a22002897a 4500
999 _c60082
_d60082
003 Ge_BSU
005 20251205144009.0
008 230605s2018 ge ||||| |||| 00| 0 eng d
020 _a9788301203047
041 _aeng
080 _a739.1(479.22)(084.12)+ 642.732(479.22)(084.12) Sh-53
100 _aShanshiashvili, Ana
_918497
245 _aOld Tbilisian silverware /
_cAna Shanshiashvili ; text editor Peter Skinner ; photographer: M. Kiladze, O. Ganichnva, F.B. Flood ; design Gega Paksashvili ; Shota Rustaveli National Science Foundation.
264 _aTbilisi,
_c2018.
300 _a120 p. :
_bphot. ;
_c 27 cm.
500 _aThe catalogue has been prepared in the framework of the projects: "The 19th-Century Tbilisian Silverware: Unknown Phenomenon of Georgian Culture", Funded by: Shota Rustaveli National Science Foundation's 2015 Young Scientist Research Grant, Implemented by The State Museum of Folk and Applied Arts of Georgia; "Virtual Anastylosis of Georgian Movable Cultural Heritage Based on The Research of Collections in Saint Petersburg Museums", Funded by: Shota Rustaveli National Scientific Fund, Implemented by Tbilisi State Academy of Arts.
504 _aბიბლიოგრაფია: გვ. 118-119.
653 _aვერცხლის მხატვრული დამუშავება საქართველოში -- ფოტოალბომები
653 _aვერცხლის ჭურჭელი -- საქართველო -- ფოტოალბომები.
700 _aSkinner, Peter
_eტექსტის რედაქტორი
_918498
700 _aKiladze, M.
_eფოტოგრაფი
_918499
700 _aGanichnva, O.
_eფოტოგრაფი
_918500
700 _aFlood, F.B.
_eფოტოგრაფი
_918501
700 _aPaksashvili, Gega
_eდიზაინერი
_918502
710 _aშოთა რუსთაველის ეროვნული სამეცნიერო ფონდი.
_918503
942 _2udc
_cBK